00696 2200253 4500001002100000005001700021008004100038035002400079090001500103100002500118245009300143250001100236260003000247300002300277500003100300650001500331850001500346980001500361985000600376999001500382999001500397999001500412999001500427YOGYA-0209000003065320090227024509.0 ind  0010-020900000030653 a922bJae P aJaelani, Abdul Qadir aPeran ulama dan santri dalam perjuangan politik Islam di IndonesiacAbdul Qadir Djaelani aCet. 1 aSurabayabBina Ilmuc1994 avi, 154 hlmc21 cm aBibliografi : hlm. 149-154 aAlim Ulama aYOPDYOG(B) a27-07-2006 a4 a96P0087199 a96P0087200 a96P0087201 a98P0106381